00640nam a2200181Ia 4500952013700000999001700137003000400154005001700158008004100175040000900216082002200225100002900247245004500276260002700321300000900348650005100357942005000408 00102ddc40708HISTORYaMESbMEScISLd2019-02-20g276.45l0o909.097671 HOD/Vp17535r2019-02-20 00:00:00w2019-02-20yBKzGL47R3 c22205d22205OSt20200518093248.0190216s9999||||xx |||||||||||||| ||und|| coclc a909.097671bHOD/V aHodgson, Marshall 92383 4aThe Venture Of Islam /cMarshall Hodgson bIsisk Kitabevi,c1986. a526p 0aHistory & geography92271vIslamic History cBK2ddch909.097671iHOD/Vk909.097671mHOD/V